00322nam a2200121Ia 4500008004100000041000800041082001600049100001800065245004500083260003000128300003100158365001100189240624s9999 xx 000 0 und d aeng a658.406 MAR aMARTIN GRAEME aMANAGING PEOPLE AND ORGANIZATIONS IN CHA c2006aNew DelhibElsevier axii, : 424 : p. : cm. ; 23 cRSb33